Система рекуперативного торможения электропоезда; Известия Томского политехнического института [Известия ТПИ]; Т. 243 : Автоматизация промышленных установок и управления производством

Bibliographische Detailangaben
Parent link:Известия Томского политехнического института [Известия ТПИ]/ Томский политехнический институт (ТПИ).— , 1944-1976
Т. 243 : Автоматизация промышленных установок и управления производством.— 1972.— [С. 92-96]
1. Verfasser: Зайцев А. П. Александр Петрович
Weitere Verfasser: Гачик Р. К., Шадт В. М.
Zusammenfassung:Заглавие с титульного листа
Электронная версия печатной публикации
Sprache:Russisch
Veröffentlicht: 1972
Schlagworte:
Online-Zugang:Черно-белая версия для предварительного просмотра
Цветная версия без потери качества
Format: Elektronisch Buchkapitel
KOHA link:https://koha.lib.tpu.ru/cgi-bin/koha/opac-detail.pl?biblionumber=228758

MARC

LEADER 00000nla2a2200000 4500
001 228758
005 20231031201647.0
035 |a (RuTPU)RU\TPU\book\249249 
035 |a RU\TPU\book\249245 
090 |a 228758 
100 |a 20121221d1972 k y0rusy50 ca 
101 0 |a rus 
102 |a RU 
135 |a drnn ---uucaa 
181 0 |a i  
182 0 |a b 
200 1 |a Система рекуперативного торможения электропоезда  |b Электронный ресурс  |f А. П. Зайцев, Р. К. Гачик, В. М. Шадт 
203 |a Текст  |c электронный 
215 |a 2 файла (195 Кб, 6.9 Мб) 
230 |a Электронные текстовые данные (2 файла : 195 Кб, 6.9 Мб) 
300 |a Заглавие с титульного листа 
300 |a Электронная версия печатной публикации 
337 |a Adobe Reader 
461 1 |0 (RuTPU)RU\TPU\book\200995  |t Известия Томского политехнического института [Известия ТПИ]  |f Томский политехнический институт (ТПИ)  |d 1944-1976 
463 1 |0 (RuTPU)RU\TPU\book\249144  |t Т. 243 : Автоматизация промышленных установок и управления производством  |v [С. 92-96]  |d 1972  |p 201 с. 
610 1 |a электронный ресурс 
610 1 |a труды учёных ТПУ 
700 1 |a Зайцев  |b А. П.  |c специалист в области автоматического управления  |c доцент Томского политехнического университета  |f 1937-  |g Александр Петрович  |2 stltpush  |3 (RuTPU)RU\TPU\pers\29358 
701 1 |a Гачик  |b Р. К. 
701 1 |a Шадт  |b В. М. 
801 1 |a RU  |b 63413507  |c 20090320  |g PSBO 
801 2 |a RU  |b 63413507  |c 20130413  |g PSBO 
856 4 |u http://www.lib.tpu.ru/fulltext/v/Bulletin_TPU/1972/v243/13_bw.pdf  |z Черно-белая версия для предварительного просмотра 
856 4 |u http://www.lib.tpu.ru/fulltext/v/Bulletin_TPU/1972/v243/13_full.pdf  |z Цветная версия без потери качества 
942 |c CF